000 00554nam a22001937a 4500
005 20150331061807.0
008 110617s2012 nyua b 001 0 eng
020 _a9780071770118
041 0 _aeng
080 _a339
100 1 _aFrush, Scott P.
245 1 0 _aAll about exchange-traded funds :
_cScott Paul Frush.
260 _aNew York :
_bMcGraw-Hill,
_c2012.
300 _a361 f. :
_bme il.;
_c23 cm.
505 _aIndex: f. 343 - 359
650 0 _aParaja
830 0 _a"All about--" finance series.
942 _2udc
_cBK
999 _c659
_d659